Presidential Firsts Quiz Stats

 Plays Quiz Updated Mar 4, 2019

Score 0/44 Timer 10:00
5 Plays Today
The first President... President % Correct
...to appoint a woman to the Supreme CourtRonald Reagan
77.3%
...to preside over all 50 current statesDwight Eisenhower
65%
...inaugurated in Washington, D.C.Thomas Jefferson
64%
...born outside the contiguous United StatesBarack Obama
63.5%
...who lived in the White HouseJohn Adams
61.8%
...who previously owned a professional sports teamGeorge W. Bush
60.1%
...born in the 20th centuryJohn F. Kennedy
57.8%
...to be impeachedAndrew Johnson
56.7%
...born in a log cabinAndrew Jackson
48.9%
...whose likeness appeared on a postage stampGeorge Washington
46.2%
...who was a Rhodes ScholarBill Clinton
43.6%
...who had an automobile at the White HouseWilliam Howard Taft
43.1%
...to ascend to the office despite never being part of a winning Presidential campaignGerald Ford
42.8%
...born a citizen of the United StatesMartin Van Buren
40.9%
...to ride in an airplaneTheodore Roosevelt
39%
...to be elected after having been defeated as an incumbentGrover Cleveland
37.4%
...to have been director of Central Intelligence George H. W. Bush
35.4%
...who had a telephone in the Oval OfficeHerbert Hoover
30.7%
...to have had more than two wivesDonald Trump
30.5%
...who took office during wartimeHarry S Truman
30.3%
...born outside the boundaries of the original thirteen coloniesAbraham Lincoln
25.3%
...to earn a doctorateWoodrow Wilson
24.3%
The first President... President % Correct
...to win the Presidency without winning the popular voteJohn Quincy Adams
24.1%
...sworn into office by a womanLyndon Johnson
21.4%
...whose inauguration was recorded on filmWilliam McKinley
20.8%
...born in the nineteenth centuryFranklin Pierce
18.6%
...to begin an elected term of office on January 20 rather than March 4Franklin D. Roosevelt
17.9%
...who never sought re-electionJames K. Polk
17.7%
...who had previously served as a member of the House of RepresentativesJames Madison
17.5%
...born in a hospitalJimmy Carter
15.2%
...to marry while in officeJohn Tyler
14.8%
...to ride and to and from his inauguration in an automobileWarren Harding
14.6%
...to attend a baseball gameBenjamin Harrison
14.2%
...to visit the west coastRutherford B. Hayes
14%
...to have his inauguration photographedJames Buchanan
11.9%
...sworn into office by a family memberCalvin Coolidge
11.5%
...to arrive in Washington, D.C. by railroadWilliam Henry Harrison
11.2%
...to ride on a steamshipJames Monroe
11%
...to take the oath of office on two BiblesRichard Nixon
10.6%
...to ascend to the office despite never previously holding any elected officeZachary Taylor
10.1%
...who faced a woman as an election opponentUlysses S. Grant
7.6%
...to be left-handedJames Garfield
7.1%
...who had the White House renovatedChester A. Arthur
5.7%
...to have had a stepmotherMillard Fillmore
5.5%

You're not logged in!

Compare scores with friends on all Sporcle quizzes.
OR
Log In

Sporcle TV

Today on Sporcle TV


Watch our educational content, quiz creation guides, and fun videos on Sporcle TV.

Show Comments

Extras

Top Quizzes Today


Score Distribution

Your Account Isn't Verified!

In order to create a playlist on Sporcle, you need to verify the email address you used during registration. Go to your Sporcle Settings to finish the process.

Report this User

Report this user for behavior that violates our Community Guidelines.

Details: